000 00297nam a2200097Ia 4500
001 1119824
005 20250827004612.0
008 250824s9999 xx 000 0 und d
245 0 _aTİMURLULAR ZAMANINDA HİNDİSTAN TÜRK İMPARATORLUĞU Z2 34
_cÖMER HALİS BIYIKTAY
260 _bPANAMA YAYINLARI
999 _c1119824
_d1119824